000
00309nam a2200121Ia 4500
100
_a
Eilon/ Samuel
942
_c
BK
654
_a
Elements of Production Planning Control
245
_a
Elements of Production Planning Control
260
_b
Navneet Prakashan
_a
Mumbai
_c
1999
300
_a
587
546
_a
ENGLISH
999
_c
20869
_d
20869